|
|
|
|
| LEADER |
00000naa2a2200000 4500 |
| 001 |
235092 |
| 005 |
20260302100024.0 |
| 035 |
|
|
|a (RuTPU)RU\TPU\book\256221
|
| 035 |
|
|
|a RU\TPU\book\256217
|
| 090 |
|
|
|a 235092
|
| 100 |
|
|
|a 20130404d2011 k y0rusy50 ca
|
| 101 |
0 |
|
|a rus
|
| 102 |
|
|
|a RU
|
| 135 |
|
|
|a drnn ---uucaa
|
| 181 |
|
0 |
|a i
|
| 182 |
|
0 |
|a b
|
| 200 |
1 |
|
|a Исследование влияния коммутационной реакции якоря на частоту вращения тягового электродвигателя постоянного тока
|f А. Ю. Берг, А. О. Ларин
|g науч. рук. О. Л. Рапопорт
|
| 203 |
|
|
|a Текст
|c электронный
|
| 225 |
1 |
|
|a Электромеханика
|
| 300 |
|
|
|a Заглавие с титульного экрана
|
| 320 |
|
|
|a [Библиогр.: с. 409 (2 назв.)]
|
| 337 |
|
|
|a Adobe Reader
|
| 461 |
|
1 |
|0 (RuTPU)RU\TPU\book\255301
|t Современные техника и технологии
|o сборник трудов XVII международной научно-практической конференции студентов, аспирантов и молодых ученых, Томск, 18-22 апреля 2011 г
|o в 3 т.
|f Национальный исследовательский Томский политехнический университет (ТПУ)
|d 2011
|
| 463 |
|
1 |
|0 (RuTPU)RU\TPU\book\255306
|t Т. 1
|v [С. 408-409]
|d 2011
|
| 610 |
1 |
|
|a труды учёных ТПУ
|
| 610 |
1 |
|
|a электронный ресурс
|
| 610 |
1 |
|
|a исследование
|
| 610 |
1 |
|
|a коммутационные системы
|
| 610 |
1 |
|
|a частота вращения
|
| 610 |
1 |
|
|a тяговые электродвигатели
|
| 610 |
1 |
|
|a постоянный ток
|
| 700 |
|
1 |
|a Берг
|b А. Ю.
|
| 701 |
|
1 |
|a Ларин
|b А. О.
|
| 702 |
|
1 |
|a Рапопорт
|b О. Л.
|c специалист в области электротехники
|c доцент Томского политехнического университета, кандидат технических наук
|f 1946-
|g Олег Лазаревич
|4 727
|9 11598
|
| 801 |
|
2 |
|a RU
|b 63413507
|c 20160124
|g RCR
|
| 856 |
4 |
|
|u http://www.lib.tpu.ru/fulltext/c/2011/C01/V01/201.pdf
|
| 942 |
|
|
|c CF
|